Oceania Countries Scrambled - Statistics

General Stats
  • This quiz has been taken 31 times
    24 since last reset
  • The average score is 13 of 14
Answer Stats
Scrambled Answer % Correct
aaliAustrl Australia
100%
iiFj Fiji
96%
iiibatrK Kiribati
96%
auurN Nauru
96%
Zleaand wNe New Zealand
96%
ualPa Palau
96%
aaPpu ewN iuneaG Papua New Guinea
96%
oSaam Samoa
96%
agnoT Tonga
96%
uuavlT Tuvalu
96%
tuuaaVn Vanuatu
96%
silands lshallraM Marshall Islands
91%
aisenoriMc Micronesia
91%
ssIland monoiS Solomon Islands
87%
No matching quizzes found
Score Distribution
Percent of People with Each Score
Percentile by Number Answered
Your Score History
You have not taken this quiz since the last reset